00224nam a2200097Ia 4500008004100000020001700041245001300058260001700071260001000088300002800098191206s9999 xx 000 0 und d a0855323388 : 0aWiriyamu aSearch Press cc1974 a158 p. : maps. ; 21 cm.